000 00802nam a2200253 a 4500
001 18220
003 BD-RjUL
005 20211209000244.0
008 140220s1973 ii 001 1 eng d
035 _a(BD-RjUL)18278
040 _aCAN
_beng
_cCAN
_dCAN
_dBD-RjUL
041 _aeng
082 0 4 _a813.5209
_bKAB 1973
100 1 _aKazin, Alfred,
_d1915-
_956088
245 1 0 _aBright book of life :
_bAmerican novelists and storytellers from Hemingway to Mailer /
_cby Alfred Kazin.
260 _aBombay ;
_aNew Delhi :
_bAllied Publishers,
_cc1973.
300 _a334 p. ;
_c21 cm.
490 0 _aAn Atlantic Monthly Press book
504 _aIncludes index.
650 0 _aAmerican fiction
_y20th century
_xHistory and criticism.
_952286
942 _2ddc
_cBK
999 _c18220
_d18220